[Event "Isle of Wight International"]
[Site "Ryde"]
[Date "2025.02.18"]
[Round "1.1"]
[White "Kumar, Sanjit S"]
[Black "Cheng, Bobby Sky"]
[Result "0-1"]
[WhiteElo "2074"]
[BlackElo "2594"]
[PlyCount "98"]
[EventDate "2025.02.18"]
[EventType "swiss"]
[EventRounds "9"]
[EventCountry "ENG"]
[SourceTitle "BritBase"]
[Source "John Saunders"]
[SourceDate "2025.02.21"]
[SourceVersion "1"]
[SourceVersionDate "2025.02.21"]
[SourceQuality "1"]

1. d4 Nf6 2. c4 e6 3. Nc3 Bb4 4. e3 O-O 5. Nge2 d5 6. a3 Be7 7. Ng3 c5 8. dxc5 dxc4 9. Bxc4 Qxd1+ 10. Kxd1 Bxc5 11. b4 Be7 12. Bb2 b6 13. Ke2 Bb7 14. f3 Nbd7 15. Rhd1 Ne5 16. Bb3 Rfc8 17. Rd4 Rc7 18. Rad1 Rac8 19. Nge4 Ne8 20. Kf2 Nc4 21. Bc1 Ba6 22. Rd7 Ne5 23. Rxc7 Rxc7 24. b5 Bc8 25. Ne2 Kf8 26. f4 Nc4 27. a4 Bb7 28. N4c3 Ned6 29. Rd4 Ke8 30. g3 Bf6 31. Rd1 Bxc3 32. Nxc3 Na5 33. Bb2 Rxc3 34. Bxc3 Ne4+ 35. Kf1 Nxc3 36. Rd3 Nxb3 37. Rxc3 Nc5 38. a5 Bc8 39. axb6 axb6 40. Ra3 Bd7 41. Ra8+ Ke7 42. Ra7 f5 43. Kg1 h5 44. h3 g6 45. Kh2 Kd6 46. g4 fxg4 47. hxg4 hxg4 48. Kg3 Bxb5 49. Kxg4 Bd3 0-1

[Event "Isle of Wight International"]
[Site "Ryde"]
[Date "2025.02.18"]
[Round "1.2"]
[White "Bogner, Sebastian"]
[Black "Malinovsky, Ilya"]
[Result "1-0"]
[WhiteElo "2540"]
[BlackElo "2073"]
[PlyCount "116"]
[EventDate "2025.02.18"]
[EventType "swiss"]
[EventRounds "9"]
[EventCountry "ENG"]
[SourceTitle "BritBase"]
[Source "John Saunders"]
[SourceDate "2025.02.21"]
[SourceVersion "1"]
[SourceVersionDate "2025.02.21"]
[SourceQuality "1"]

1. e4 e6 2. d4 d5 3. Nc3 Be7 4. Bd3 Nf6 5. e5 Nfd7 6. Nce2 c5 7. c3 Qa5 8. Bd2 Qb6 9. Rb1 Nc6 10. Nf3 cxd4 11. cxd4 Nb4 12. Bxb4 Bxb4+ 13. Nc3 Qa5 14. O-O Bxc3 15. bxc3 h6 16. Qd2 b6 17. Rb5 Qa4 18. Rb4 Qc6 19. Nh4 a5 20. Bb5 Qc7 21. Rb3 Ba6 22. Bxa6 Rxa6 23. f4 g6 24. Qd3 Qc4 25. Qxc4 dxc4 26. Rb5 h5 27. g3 Ke7 28. Rfb1 Rc8 29. Ng2 f6 30. Ne3 fxe5 31. fxe5 Ra7 32. h4 Rac7 33. Ng2 g5 34. hxg5 Rg8 35. Rf1 Rxg5 36. Rf3 Rc8 37. Kf2 Rh8 38. a4 Rc8 39. Ne3 Rc7 40. Kg2 Rc8 41. Kh3 Rg6 42. Rb1 Rg5 43. Nc2 Rg6 44. Na3 Rg7 45. Nb5 Rc6 46. Rbf1 Rc8 47. Nd6 Rf8 48. Rxf8 Nxf8 49. Nxc4 Nh7 50. Rf4 Ng5+ 51. Kh4 Nf7 52. Nxb6 Nh6 53. Nc8+ Kd7 54. Nd6 Kc6 55. Kxh5 Ng8 56. g4 Rh7+ 57. Kg6 Rh4 58. Kf7 Kd5 1-0

[Event "Isle of Wight International"]
[Site "Ryde"]
[Date "2025.02.18"]
[Round "1.3"]
[White "Damodaran, Patrick"]
[Black "Beerdsen, Thomas"]
[Result "0-1"]
[WhiteElo "2072"]
[BlackElo "2511"]
[PlyCount "114"]
[EventDate "2025.02.18"]
[EventType "swiss"]
[EventRounds "9"]
[EventCountry "ENG"]
[SourceTitle "BritBase"]
[Source "John Saunders"]
[SourceDate "2025.02.21"]
[SourceVersion "1"]
[SourceVersionDate "2025.02.21"]
[SourceQuality "1"]

1. c4 c6 2. g3 d5 3. cxd5 cxd5 4. Bg2 Nc6 5. Nf3 e5 6. d3 Bb4+ 7. Bd2 Bxd2+ 8. Nbxd2 Nge7 9. O-O O-O 10. Re1 f6 11. a3 Be6 12. b4 a5 13. b5 Nb8 14. a4 Qd6 15. e4 d4 16. Nc4 Bxc4 17. dxc4 Nd7 18. Nd2 Nc5 19. Nb3 Rfc8 20. Nxc5 Rxc5 21. Qb3 Nc8 22. Rac1 Qe6 23. f4 Nd6 24. f5 Qf7 25. Bf1 Rac8 26. Rc2 b6 27. Rec1 Qh5 28. Be2 Qh6 29. Qf3 Kf7 30. Kg2 Ke7 31. Bd3 Nb7 32. Qd1 R5c7 33. Re2 Nc5 34. Re1 Rh8 35. h3 Kd8 36. Bb1 Kc8 37. h4 Rd8 38. Kf2 d3 39. Re3 Rd4 40. Qf3 d2 41. Rd1 Nxa4 42. Rd3 Nb2 43. R1xd2 Nxd3+ 44. Rxd3 Rxd3 45. Bxd3 Qd2+ 46. Be2 Rxc4 47. Qh5 Rc2 48. Qe8+ Kc7 49. Qf7+ Qd7 50. Qh5 Qxb5 51. Qf7+ Kb8 52. Qg8+ Ka7 53. Qxg7+ Ka6 54. Qg4 a4 55. Qf3 Qxe2+ 56. Qxe2+ Rxe2+ 57. Kxe2 a3 0-1

[Event "Isle of Wight International"]
[Site "Ryde"]
[Date "2025.02.18"]
[Round "1.4"]
[White "Ghasi, Ameet K"]
[Black "Murawski, Jan"]
[Result "1-0"]
[WhiteElo "2506"]
[BlackElo "2071"]
[PlyCount "81"]
[EventDate "2025.02.18"]
[EventType "swiss"]
[EventRounds "9"]
[EventCountry "ENG"]
[SourceTitle "BritBase"]
[Source "John Saunders"]
[SourceDate "2025.02.21"]
[SourceVersion "1"]
[SourceVersionDate "2025.02.21"]
[SourceQuality "1"]

1. Nf3 d5 2. g3 Nf6 3. Bg2 e6 4. O-O Be7 5. d3 O-O 6. Nbd2 c5 7. e4 Nc6 8. Re1 b5 9. e5 Nd7 10. Nf1 Bb7 11. Bf4 a5 12. h4 Qc7 13. Ne3 Rfc8 14. h5 h6 15. Qd2 Qd8 16. Ng4 Bf8 17. c3 a4 18. Rad1 b4 19. c4 Nb6 20. Qc1 Nd4 21. Nxd4 cxd4 22. b3 axb3 23. axb3 Ra3 24. Qb2 Ba8 25. Bc1 Rc5 26. Qb1 dxc4 27. dxc4 Bxg2 28. Kxg2 Ra7 29. Bxh6 Qa8+ 30. f3 Ra2+ 31. Bd2 Qa3 32. h6 Rb2 33. Qe4 Qa2 34. hxg7 Bxg7 35. Qxd4 Rc8 36. Nf6+ Bxf6 37. exf6 Qxb3 38. Qg4+ Kf8 39. Qg7+ Ke8 40. Rxe6+ Kd8 41. Qf8+ 1-0

[Event "Isle of Wight International"]
[Site "Ryde"]
[Date "2025.02.18"]
[Round "1.5"]
[White "Kothari, Jai"]
[Black "Chatalbashev, Boris"]
[Result "0-1"]
[WhiteElo "2070"]
[BlackElo "2489"]
[PlyCount "54"]
[EventDate "2025.02.18"]
[EventType "swiss"]
[EventRounds "9"]
[EventCountry "ENG"]
[SourceTitle "BritBase"]
[Source "John Saunders"]
[SourceDate "2025.02.21"]
[SourceVersion "1"]
[SourceVersionDate "2025.02.21"]
[SourceQuality "1"]

1. e4 d6 2. d4 Nf6 3. Nc3 g6 4. Bf4 c6 5. Qd2 b5 6. Bd3 Bg7 7. Bh6 Bxh6 8. Qxh6 e5 9. dxe5 dxe5 10. O-O-O Ng4 11. Qd2 Qb6 12. Nh3 O-O 13. Rde1 Na6 14. f3 Nf6 15. g4 Nc5 16. Qh6 b4 17. Nd1 Nxd3+ 18. cxd3 Rd8 19. Ndf2 Be6 20. f4 Bxa2 21. f5 c5 22. g5 Nh5 23. Ng4 Rxd3 24. Nf6+ Nxf6 25. gxf6 Qxf6 26. Rhg1 Qa6 27. Rg2 Bb3 0-1

[Event "Isle of Wight International"]
[Site "Ryde"]
[Date "2025.02.18"]
[Round "1.6"]
[White "Wadsworth, Matthew J"]
[Black "Fellowes, Billy"]
[Result "1/2-1/2"]
[WhiteElo "2489"]
[BlackElo "2066"]
[PlyCount "146"]
[EventDate "2025.02.18"]
[EventType "swiss"]
[EventRounds "9"]
[EventCountry "ENG"]
[SourceTitle "BritBase"]
[Source "John Saunders"]
[SourceDate "2025.02.21"]
[SourceVersion "1"]
[SourceVersionDate "2025.02.21"]
[SourceQuality "1"]

1. c4 Nf6 2. g3 g6 3. Bg2 Bg7 4. Nc3 O-O 5. d4 d6 6. h3 e5 7. Nf3 Nc6 8. Be3 Bf5 9. g4 Bd7 10. Qd2 Re8 11. d5 Na5 12. b3 a6 13. Ng5 b6 14. Rc1 Qe7 15. O-O h6 16. Nf3 h5 17. g5 Nh7 18. Ne4 Nb7 19. b4 a5 20. a3 axb4 21. axb4 Ra4 22. Qb2 Bf5 23. Nfd2 Rea8 24. Ra1 Qd7 25. Kh2 Nd8 26. Rxa4 Qxa4 27. Nc3 Qd7 28. Nde4 f6 29. gxf6 Nxf6 30. Ra1 Rxa1 31. Qxa1 Nf7 32. Qa7 Qe7 33. c5 bxc5 34. bxc5 Bxe4 35. Nxe4 Nxe4 36. Bxe4 Kh7 37. cxd6 Nxd6 38. Qa4 Bh6 39. Bc5 Qf7 40. Kg1 Qf4 41. Bc2 Qc1+ 42. Kg2 Qg5+ 43. Kh2 Qd2 44. Bd3 e4 45. Bxd6 cxd6 46. Qxe4 Qf4+ 47. Qxf4 Bxf4+ 48. Kg2 Kg7 49. h4 Be5 50. Bb5 Bf6 51. Kh3 Kf7 52. e3 Bc3 53. Ba4 Ke7 54. Kg3 Kf7 55. Bc2 Kf6 56. Kf4 Be1 57. Kf3 Bc3 58. Ba4 Kf7 59. Bd1 Kf6 60. Kg3 Be1 61. Ba4 Kf7 62. e4 Ke7 63. Kf3 Bc3 64. Bc2 Kf7 65. Kf4 Bf6 66. Kg3 Bc3 67. f4 Kf6 68. Kf2 Bd2 69. Kf3 Be1 70. e5+ dxe5 71. fxe5+ Kxe5 72. Bxg6 Kxd5 73. Bxh5 Bxh4 1/2-1/2

[Event "Isle of Wight International"]
[Site "Ryde"]
[Date "2025.02.18"]
[Round "1.7"]
[White "Brett, Andrew R"]
[Black "Plat, Vojtech"]
[Result "0-1"]
[WhiteElo "2047"]
[BlackElo "2459"]
[PlyCount "82"]
[EventDate "2025.02.18"]
[EventType "swiss"]
[EventRounds "9"]
[EventCountry "ENG"]
[SourceTitle "BritBase"]
[Source "John Saunders"]
[SourceDate "2025.02.21"]
[SourceVersion "1"]
[SourceVersionDate "2025.02.21"]
[SourceQuality "1"]

1. Nf3 d6 2. d4 Bg4 3. Nbd2 Nd7 4. h3 Bh5 5. g3 c6 6. Bg2 e5 7. dxe5 dxe5 8. e4 Ngf6 9. O-O Qc7 10. Qe2 Be7 11. Re1 a5 12. Nc4 a4 13. Ne3 Bxf3 14. Qxf3 g6 15. a3 Nc5 16. Ng4 Nxg4 17. Qxg4 h5 18. Qe2 h4 19. Be3 Ne6 20. Kh2 Bg5 21. c3 Qe7 22. Rad1 Kf8 23. Rd2 Kg7 24. Red1 Bxe3 25. Qxe3 Rad8 26. Rxd8 Rxd8 27. Rxd8 Qxd8 28. Bf3 b6 29. Bg4 Nc5 30. Be2 Qe7 31. Bg4 hxg3+ 32. fxg3 Qd6 33. Be2 Qe6 34. c4 Qd6 35. Kg2 Qd4 36. Qxd4 exd4 37. e5 d3 38. Bd1 d2 39. Kf3 Nd3 40. Ke3 Nxb2 41. Kxd2 Nxc4+ 0-1

[Event "Isle of Wight International"]
[Site "Ryde"]
[Date "2025.02.18"]
[Round "1.8"]
[White "Camacho Collados, Marcos"]
[Black "Lishoy Gengis Paratazham, Dildarav"]
[Result "1-0"]
[WhiteElo "2459"]
[BlackElo "2045"]
[PlyCount "127"]
[EventDate "2025.02.18"]
[EventType "swiss"]
[EventRounds "9"]
[EventCountry "ENG"]
[SourceTitle "BritBase"]
[Source "John Saunders"]
[SourceDate "2025.02.21"]
[SourceVersion "1"]
[SourceVersionDate "2025.02.21"]
[SourceQuality "1"]

1. e4 d6 2. d4 Nf6 3. Bd3 e5 4. Ne2 exd4 5. Nxd4 d5 6. e5 Ne4 7. O-O Be7 8. Bxe4 dxe4 9. Nc3 O-O 10. Nxe4 Qd5 11. Nc3 Qxe5 12. Re1 Qd6 13. Bf4 Qxf4 14. Nd5 Qg4 15. Rxe7 Qxd1+ 16. Rxd1 Na6 17. Nxc7 Nxc7 18. Rxc7 Rd8 19. c3 Rb8 20. Re1 Be6 21. a3 h6 22. f3 Rd6 23. Kf2 Kf8 24. Re5 a6 25. f4 Rd5 26. Nxe6+ fxe6 27. Rxd5 exd5 28. Rd7 b5 29. g3 Rb6 30. Rxd5 Ke7 31. Ke3 Ke6 32. Kd4 Rb7 33. b3 Rc7 34. c4 bxc4 35. bxc4 Rb7 36. c5 Rb2 37. Rd6+ Ke7 38. Rxa6 Rxh2 39. Ra7+ Kf6 40. c6 g5 41. fxg5+ hxg5 42. c7 Rc2 43. Kd5 Rd2+ 44. Kc6 Rc2+ 45. Kb7 Rb2+ 46. Ka8 Rc2 47. Kb8 Rb2+ 48. Rb7 Rc2 49. c8=Q Rxc8+ 50. Kxc8 Kf5 51. Rb4 Ke5 52. a4 Kd5 53. a5 Kc5 54. Rb1 Kd4 55. a6 Ke3 56. a7 Kf3 57. a8=Q+ Kxg3 58. Rg1+ Kf4 59. Qd5 g4 60. Qd4+ Kf5 61. Rf1+ Kg6 62. Qf6+ Kh7 63. Rh1+ Kg8 64. Rh8# 1-0

[Event "Isle of Wight International"]
[Site "Ryde"]
[Date "2025.02.18"]
[Round "1.9"]
[White "Duke, Michael"]
[Black "Willow, Jonah B"]
[Result "0-1"]
[WhiteElo "2045"]
[BlackElo "2459"]
[PlyCount "104"]
[EventDate "2025.02.18"]
[EventType "swiss"]
[EventRounds "9"]
[EventCountry "ENG"]
[SourceTitle "BritBase"]
[Source "John Saunders"]
[SourceDate "2025.02.21"]
[SourceVersion "1"]
[SourceVersionDate "2025.02.21"]
[SourceQuality "1"]

1. e4 e6 2. d4 d5 3. exd5 exd5 4. Bd3 Nc6 5. c3 Bd6 6. Nf3 Nge7 7. O-O Bg4 8. Re1 Qd7 9. Nbd2 f6 10. Nf1 O-O-O 11. b4 Rde8 12. a4 g5 13. a5 Ng6 14. Rxe8+ Rxe8 15. Ne3 Be6 16. a6 b6 17. Bb5 Nge7 18. Qa4 Bf4 19. Nf1 Bxc1 20. Rxc1 Qd6 21. Re1 Bd7 22. Ng3 Kd8 23. Qd1 Ng6 24. Rxe8+ Bxe8 25. Nf5 Qd7 26. Ne3 Qe6 27. Bd3 Nce7 28. Qc2 h5 29. h3 Nf4 30. Bf1 Bg6 31. Qd1 Bf7 32. Ne1 Qc6 33. g3 Nfg6 34. Qd2 h4 35. Nf3 hxg3 36. fxg3 Be6 37. Nh2 Qd7 38. Qg2 Qc6 39. Qd2 Bd7 40. Bg2 Qd6 41. Nhf1 f5 42. c4 dxc4 43. Nxc4 Qf6 44. Ne5 f4 45. Nf3 Bb5 46. Qa2 Bxf1 47. Bxf1 fxg3 48. Bg2 Qf4 49. Qc4 Nh4 50. Qc3 Nd5 51. Qd3 Nxg2 52. Kxg2 Ne3+ 0-1

[Event "Isle of Wight International"]
[Site "Ryde"]
[Date "2025.02.18"]
[Round "1.10"]
[White "Roberson, Peter T"]
[Black "Fathallah, Joe"]
[Result "1-0"]
[WhiteElo "2444"]
[BlackElo "2044"]
[PlyCount "47"]
[EventDate "2025.02.18"]
[EventType "swiss"]
[EventRounds "9"]
[EventCountry "ENG"]
[SourceTitle "BritBase"]
[Source "John Saunders"]
[SourceDate "2025.02.21"]
[SourceVersion "1"]
[SourceVersionDate "2025.02.21"]
[SourceQuality "1"]

1. e4 e6 2. d4 d5 3. Nd2 Nf6 4. e5 Nfd7 5. Bd3 c5 6. c3 Nc6 7. Ngf3 cxd4 8. cxd4 Qb6 9. O-O Nxd4 10. Nxd4 Qxd4 11. Nf3 Qb6 12. a3 Be7 13. Be3 Qd8 14. Rc1 O-O 15. Re1 f5 16. exf6 Nxf6 17. Bd4 Bd7 18. Ng5 Bd6 19. Nxe6 Bxe6 20. Rxe6 Bf4 21. Rc2 Rc8 22. Bxf6 Rxf6 23. Rxf6 Rxc2 24. Rxf4 1-0

[Event "Isle of Wight International"]
[Site "Ryde"]
[Date "2025.02.18"]
[Round "1.11"]
[White "Looi, Xin Hao"]
[Black "Larkin, Vladyslav"]
[Result "0-1"]
[WhiteElo "2043"]
[BlackElo "2441"]
[PlyCount "106"]
[EventDate "2025.02.18"]
[EventType "swiss"]
[EventRounds "9"]
[EventCountry "ENG"]
[SourceTitle "BritBase"]
[Source "John Saunders"]
[SourceDate "2025.02.21"]
[SourceVersion "1"]
[SourceVersionDate "2025.02.21"]
[SourceQuality "1"]

1. d4 d6 2. e4 Nf6 3. Nc3 Nbd7 4. Nf3 e5 5. Bc4 Be7 6. O-O O-O 7. Re1 c6 8. a4 b6 9. dxe5 dxe5 10. Qe2 Ne8 11. Rd1 Nd6 12. Ba2 a5 13. Ng5 Qe8 14. f4 Ba6 15. Qh5 h6 16. fxe5 Nc4 17. Bxc4 Bxc4 18. Nf3 Bc5+ 19. Kh1 Be6 20. Ne2 f6 21. Qxe8 Raxe8 22. Nf4 Nxe5 23. Nxe5 fxe5 24. Nd3 Bd4 25. c3 Bb3 26. Re1 Bc4 27. cxd4 Bxd3 28. Be3 exd4 29. Bxd4 c5 30. Bc3 Bxe4 31. Kg1 Bc6 32. g3 g5 33. Rxe8 Rxe8 34. Rd1 Re6 35. b3 Re3 36. Rd6 Rxc3 37. Rxc6 Rxb3 38. Rxh6 Kg7 39. Rc6 g4 40. Kf2 Kf7 41. h4 gxh3 42. g4 Rb2+ 43. Kg1 Ke7 44. g5 Kd7 45. Rh6 Rg2+ 46. Kh1 Kc7 47. g6 b5 48. g7 bxa4 49. Ra6 Kb7 50. Rxa5 Kb6 51. Rxa4 Rxg7 52. Kh2 Kb5 53. Ra1 c4 0-1

[Event "Isle of Wight International"]
[Site "Ryde"]
[Date "2025.02.18"]
[Round "1.12"]
[White "Turner, Matthew J"]
[Black "Wicken, Jack"]
[Result "1-0"]
[WhiteElo "2438"]
[BlackElo "2043"]
[PlyCount "49"]
[EventDate "2025.02.18"]
[EventType "swiss"]
[EventRounds "9"]
[EventCountry "ENG"]
[SourceTitle "BritBase"]
[Source "John Saunders"]
[SourceDate "2025.02.21"]
[SourceVersion "1"]
[SourceVersionDate "2025.02.21"]
[SourceQuality "1"]

1. d4 f5 2. g3 Nf6 3. Bg2 g6 4. h4 Bg7 5. h5 Nxh5 6. e4 fxe4 7. Rxh5 gxh5 8. Qxh5+ Kf8 9. Bxe4 Qe8 10. Qh4 Qf7 11. Nc3 Bf6 12. Bh6+ Ke8 13. Qh1 Bxd4 14. Nf3 Bf6 15. Nd5 Kd8 16. O-O-O c6 17. Nxf6 exf6 18. Qh4 d5 19. c4 Be6 20. Ne5 Qe7 21. cxd5 Bxd5 22. Bxd5 cxd5 23. Rxd5+ Kc7 24. Qc4+ Nc6 25. Bf4 1-0

[Event "Isle of Wight International"]
[Site "Ryde"]
[Date "2025.02.18"]
[Round "1.13"]
[White "Eagleton, Greg T"]
[Black "Gormally, Daniel W"]
[Result "0-1"]
[WhiteElo "2042"]
[BlackElo "2435"]
[PlyCount "96"]
[EventDate "2025.02.18"]
[EventType "swiss"]
[EventRounds "9"]
[EventCountry "ENG"]
[SourceTitle "BritBase"]
[Source "John Saunders"]
[SourceDate "2025.02.21"]
[SourceVersion "1"]
[SourceVersionDate "2025.02.21"]
[SourceQuality "1"]

1. d4 Nf6 2. c4 g6 3. Nc3 d5 4. Bg5 Bg7 5. Bxf6 Bxf6 6. cxd5 c6 7. e4 O-O 8. Bc4 cxd5 9. Nxd5 Bg7 10. Ne2 Nc6 11. O-O e6 12. Ndc3 Nxd4 13. Nxd4 Bxd4 14. Rc1 a6 15. Rc2 Bg7 16. a4 Qa5 17. Qf3 Bd7 18. b3 Bc6 19. Ne2 Qe5 20. Nc3 Rfd8 21. Qe3 b5 22. Be2 b4 23. Nd5 Bxd5 24. exd5 exd5 25. Qb6 Qe4 26. Rd2 Bc3 27. Bf3 Qe6 28. Qxe6 fxe6 29. Re2 Kf7 30. Rd1 Rac8 31. h4 Bf6 32. Bg4 Rd6 33. Rde1 Rcc6 34. h5 e5 35. hxg6+ hxg6 36. Rd2 e4 37. Red1 Rc5 38. g3 a5 39. Re2 Rdc6 40. f3 Rc1 41. Rxc1 Rxc1+ 42. Kg2 Bc3 43. fxe4 d4 44. e5 Ke7 45. Rf2 d3 46. e6 Bf6 47. Rd2 Rc2 48. Rf2 Bd4 0-1

[Event "Isle of Wight International"]
[Site "Ryde"]
[Date "2025.02.18"]
[Round "1.14"]
[White "Zhou, Yang-Fan"]
[Black "Sanitt, Ethan"]
[Result "1-0"]
[WhiteElo "2427"]
[BlackElo "2040"]
[PlyCount "53"]
[EventDate "2025.02.18"]
[EventType "swiss"]
[EventRounds "9"]
[EventCountry "ENG"]
[SourceTitle "BritBase"]
[Source "John Saunders"]
[SourceDate "2025.02.21"]
[SourceVersion "1"]
[SourceVersionDate "2025.02.21"]
[SourceQuality "1"]

1. d4 Nf6 2. Nf3 c5 3. d5 b5 4. Bg5 Qa5+ 5. c3 Qb6 6. Bxf6 Qxf6 7. e4 Qb6 8. Nbd2 d6 9. a4 b4 10. a5 Qb7 11. a6 Qc7 12. cxb4 Nd7 13. bxc5 Qxc5 14. Be2 g6 15. O-O Bg7 16. Qa4 Qb6 17. Rac1 Qd8 18. Bb5 e5 19. Rc6 Ke7 20. Rxd6 Kxd6 21. Qb4+ Nc5 22. Nc4+ Ke7 23. Qxc5+ Kf6 24. Ncxe5 Qb6 25. Ng4+ Bxg4 26. e5+ Kf5 27. Bd3+ 1-0

[Event "Isle of Wight International"]
[Site "Ryde"]
[Date "2025.02.18"]
[Round "1.15"]
[White "Walton, Alan J"]
[Black "Czopor, Maciej"]
[Result "0-1"]
[WhiteElo "2034"]
[BlackElo "2409"]
[PlyCount "48"]
[EventDate "2025.02.18"]
[EventType "swiss"]
[EventRounds "9"]
[EventCountry "ENG"]
[SourceTitle "BritBase"]
[Source "John Saunders"]
[SourceDate "2025.02.21"]
[SourceVersion "1"]
[SourceVersionDate "2025.02.21"]
[SourceQuality "1"]

1. d4 Nf6 2. Bg5 g6 3. Nc3 d5 4. Bxf6 exf6 5. g3 c6 6. Bg2 h5 7. Qd3 Bh6 8. e4 dxe4 9. Bxe4 O-O 10. Nge2 f5 11. Bg2 Na6 12. a3 Qf6 13. O-O Rd8 14. Rad1 Nc7 15. Qf3 Be6 16. Rfe1 Kg7 17. Na4 f4 18. Qd3 Bg4 19. h3 fxg3 20. fxg3 Re8 21. hxg4 Be3+ 22. Kh2 hxg4 23. Nf4 Rh8+ 24. Nh3 Rxh3+ 0-1

[Event "Isle of Wight International"]
[Site "Ryde"]
[Date "2025.02.18"]
[Round "1.16"]
[White "Vestby-Ellingsen, Mads"]
[Black "Ng, Jun Fung Isaac"]
[Result "1-0"]
[WhiteElo "2406"]
[BlackElo "2034"]
[PlyCount "65"]
[EventDate "2025.02.18"]
[EventType "swiss"]
[EventRounds "9"]
[EventCountry "ENG"]
[SourceTitle "BritBase"]
[Source "John Saunders"]
[SourceDate "2025.02.21"]
[SourceVersion "1"]
[SourceVersionDate "2025.02.21"]
[SourceQuality "1"]

1. d4 Nf6 2. Bf4 c5 3. d5 d6 4. Nc3 g6 5. e4 Bg7 6. Nf3 O-O 7. Nd2 Na6 8. Be2 Nc7 9. a4 b6 10. O-O a6 11. Nc4 Rb8 12. e5 dxe5 13. Nxe5 Bb7 14. Nc6 Bxc6 15. dxc6 Rc8 16. Qxd8 Rfxd8 17. Rad1 Rf8 18. Bg3 b5 19. axb5 axb5 20. Nxb5 Nxb5 21. Bxb5 Ne4 22. Rfe1 Nxg3 23. hxg3 Rc7 24. b3 e6 25. Rd3 Bf6 26. Red1 Rb8 27. Rd7 Rbc8 28. Kf1 Bd4 29. Rxc7 Rxc7 30. Ba4 Kf8 31. b4 e5 32. b5 c4 33. Rxd4 1-0

[Event "Isle of Wight International"]
[Site "Ryde"]
[Date "2025.02.18"]
[Round "1.17"]
[White "Freeland, Alex"]
[Black "Greet, Andrew N"]
[Result "1/2-1/2"]
[WhiteElo "2025"]
[BlackElo "2398"]
[PlyCount "82"]
[EventDate "2025.02.18"]
[EventType "swiss"]
[EventRounds "9"]
[EventCountry "ENG"]
[SourceTitle "BritBase"]
[Source "John Saunders"]
[SourceDate "2025.02.21"]
[SourceVersion "1"]
[SourceVersionDate "2025.02.21"]
[SourceQuality "1"]

1. d4 f5 2. c4 e6 3. g3 Nf6 4. Bg2 d5 5. Nf3 Be7 6. O-O Ne4 7. Nc3 c6 8. Qc2 O-O 9. Rb1 a5 10. a3 Nd7 11. b4 axb4 12. axb4 Nb6 13. c5 Nxc3 14. Qxc3 Nc4 15. Nd2 b5 16. Nxc4 bxc4 17. Bf4 Ba6 18. Ra1 g5 19. Be5 Bf6 20. Bd6 Rf7 21. Ra5 Rfa7 22. Rfa1 Qd7 23. R1a2 Bb5 24. Qa1 Rxa5 25. Rxa5 Rxa5 26. Qxa5 c3 27. Be5 Bxe5 28. dxe5 c2 29. Qa1 Bxe2 30. Qc1 Qg7 31. Qxc2 Qxe5 32. Bf1 Bxf1 33. Kxf1 d4 34. b5 cxb5 35. c6 Kf7 36. c7 d3 37. Qc6 d2 38. Qd7+ Kg6 39. c8=Q Qe1+ 40. Kg2 Qe4+ 41. Kg1 Qe1+ 1/2-1/2

[Event "Isle of Wight International"]
[Site "Ryde"]
[Date "2025.02.18"]
[Round "1.18"]
[White "Golding, Alex"]
[Black "Vashisht-Pigem, Raman"]
[Result "1-0"]
[WhiteElo "2365"]
[BlackElo "2023"]
[PlyCount "91"]
[EventDate "2025.02.18"]
[EventType "swiss"]
[EventRounds "9"]
[EventCountry "ENG"]
[SourceTitle "BritBase"]
[Source "John Saunders"]
[SourceDate "2025.02.21"]
[SourceVersion "1"]
[SourceVersionDate "2025.02.21"]
[SourceQuality "1"]

1. e4 e5 2. Nf3 Nc6 3. Bc4 Nf6 4. d3 Bc5 5. c3 d6 6. a4 a6 7. Bg5 Ba7 8. Nbd2 h6 9. Bh4 g5 10. Bg3 Qe7 11. Bb3 Rg8 12. Qe2 Be6 13. Bc2 Qd7 14. a5 Ne7 15. d4 g4 16. Nxe5 dxe5 17. Bxe5 Nh7 18. d5 O-O-O 19. Ba4 Nc6 20. Bxc6 bxc6 21. dxe6 Qd3 22. exf7 Qxe2+ 23. Kxe2 Rgf8 24. Ra4 Rxf7 25. Bd4 Bxd4 26. Rxd4 Rdf8 27. Rf1 Ng5 28. Rc4 Kb7 29. Nb3 Re8 30. Nc5+ Ka7 31. Ke3 Rfe7 32. f4 gxf3 33. gxf3 Nf7 34. Nd3 Kb7 35. Rg1 Nd6 36. Rc5 Nxe4 37. fxe4 Rxe4+ 38. Kd2 Re2+ 39. Kc1 Rxh2 40. Re5 Rxe5 41. Nxe5 Re2 42. Nd3 h5 43. Nc5+ Ka7 44. Rg7 h4 45. Rxc7+ Ka8 46. Rh7 1-0

[Event "Isle of Wight International"]
[Site "Ryde"]
[Date "2025.02.18"]
[Round "1.19"]
[White "Bharat Kumar, Balahari"]
[Black "Derakhshani, Borna"]
[Result "0-1"]
[WhiteElo "2022"]
[BlackElo "2355"]
[PlyCount "110"]
[EventDate "2025.02.18"]
[EventType "swiss"]
[EventRounds "9"]
[EventCountry "ENG"]
[SourceTitle "BritBase"]
[Source "John Saunders"]
[SourceDate "2025.02.21"]
[SourceVersion "1"]
[SourceVersionDate "2025.02.21"]
[SourceQuality "1"]

1. d4 Nf6 2. c4 e6 3. Nf3 b6 4. e3 Bb7 5. Bd3 c5 6. O-O Be7 7. b3 Nc6 8. Nbd2 d5 9. Bb2 O-O 10. Qe2 cxd4 11. exd4 Nh5 12. g3 g6 13. Rac1 Rc8 14. Qe3 Re8 15. g4 Nf6 16. h3 dxc4 17. bxc4 b5 18. g5 Nh5 19. a3 Bd6 20. Ne4 bxc4 21. Bxc4 Bf4 22. Nf6+ Qxf6 23. gxf6 Bxe3 24. fxe3 Ng3 25. Rf2 Na5 26. Ne5 Nxc4 27. Rxc4 Bd5 28. Rcc2 Ne4 29. Rfe2 Nxf6 30. Bc3 Be4 31. Rc1 Nd5 32. Bd2 Rxc1+ 33. Bxc1 Rc8 34. Bb2 Rc7 35. Kf2 f6 36. Nf3 a5 37. Rd2 a4 38. Ne1 Rb7 39. Bc1 Rb1 40. Bb2 Kf7 41. Ke2 Nb6 42. Bc3 Nc4 43. Rd1 Rb3 44. Rc1 Nxa3 45. Bd2 Nb5 46. Nc2 Nc3+ 47. Ke1 Na2 48. Ra1 Bxc2 49. Rxa2 Rb1+ 50. Kf2 Bb3 51. Ra3 Rh1 52. Kg2 Rd1 53. Bb4 g5 54. Bc5 f5 55. Kf2 h5 0-1

[Event "Isle of Wight International"]
[Site "Ryde"]
[Date "2025.02.18"]
[Round "1.20"]
[White "Tomaszewski, Kacper"]
[Black "Brackmann, Hendrik"]
[Result "1/2-1/2"]
[WhiteElo "2348"]
[BlackElo "2021"]
[PlyCount "78"]
[EventDate "2025.02.18"]
[EventType "swiss"]
[EventRounds "9"]
[EventCountry "ENG"]
[SourceTitle "BritBase"]
[Source "John Saunders"]
[SourceDate "2025.02.21"]
[SourceVersion "1"]
[SourceVersionDate "2025.02.21"]
[SourceQuality "1"]

1. d4 d5 2. c4 dxc4 3. Nf3 Nf6 4. e3 e6 5. Bxc4 Be7 6. O-O O-O 7. Nc3 c5 8. Qe2 cxd4 9. Rd1 a6 10. exd4 b5 11. Bb3 Bb7 12. Bg5 Nbd7 13. d5 exd5 14. Nxd5 Bxd5 15. Bxd5 Nxd5 16. Rxd5 Bxg5 17. Nxg5 h6 18. Qd2 hxg5 19. Rxd7 Qf6 20. Rd1 Rae8 21. Rd6 Re6 22. Rxe6 Qxe6 23. b3 Re8 24. Kf1 Qf5 25. Rc1 Re6 26. Rc8+ Kh7 27. Qc2 Kg6 28. f3 g4 29. Qxf5+ Kxf5 30. Rc7 Rf6 31. fxg4+ Kxg4+ 32. Ke2 Kf4 33. Kd3 Ke5 34. Kc3 Kd6 35. Ra7 Kc5 36. b4+ Kb6 37. Rd7 Rf2 38. a3 Rxg2 39. Rxf7 Rxh2 1/2-1/2